Statistics for Countries with Territory More than 36 Hours from London

Click here to take the quiz!

General Stats

  • This quiz has been taken 203 times
  • The average score is 10 of 18

Answer Stats

Km from LondonCountry% Correct
14,300Australia
90%
7,000China
81%
5,700Russia
80%
6,500United States (Alaska)
79%
4,540Canada
71%
5,700Democratic Republic of the Congo
54%
3,450Chad
51%
3,500Niger
51%
3,100Mali
49%
3,950Sudan
49%
3,170Mauritania
47%
5,000Central African Republic
45%
3,100Algeria
44%
3,400Libya
43%
5,150South Sudan
43%
3,600Egypt
40%
7,100Angola
39%
7,500Zambia
33%

Score Distribution

Percentile by Number Answered

Percent of People with Each Score

Your Score History

You have not taken this quiz